El cálculo electrónico
Saved in:
| Main Author: | |
|---|---|
| Format: | Book |
| Language: | Spanish |
| Published: |
Buenos Aires :
Eudeba,
1963
|
| Subjects: |
| LEADER | 00540nam#a2200205#a#4500 | ||
|---|---|---|---|
| 001 | 003503 | ||
| 005 | 20160721142833.0 | ||
| 008 | 960916s1963####ag##################spa#d | ||
| 040 | |a AR-beUNQ | ||
| 099 | |a 27-R4 | ||
| 100 | 1 | |a Renard, Bruno | |
| 245 | 0 | 3 | |a El cálculo electrónico |c Bruno Renard. |
| 260 | |a Buenos Aires : |b Eudeba, |c 1963 | ||
| 300 | |a 59 p. : |b il., gráficos, tablas | ||
| 650 | 7 | |a CALCULADORAS |2 Spines | |
| 650 | 7 | |a CALCULO (MATEMATICAS) |2 Spines | |
| 653 | |a COMPUTADORAS | ||
| 929 | |j 18856 | ||
| 942 | |c LIB |n 0 | ||
| 999 | |c 6279 |d 81666 | ||